| 000 | 00791nam a22002417a 4500 | ||
|---|---|---|---|
| 005 | 20250807151755.0 | ||
| 008 | 250807b |||||||| |||| 00| 0 eng d | ||
| 020 | _a978-93-5098-135-1 (hbk) | ||
| 037 | _cTB | ||
| 040 |
_aAL _cAL |
||
| 041 |
_2ENG _aENG |
||
| 084 |
_aG:55.29W Q7 _qAL |
||
| 100 | _aNag, Sajal | ||
| 245 |
_aPlaying with the nature: _bHistory and politics of environment in North-East India |
||
| 260 |
_aNew Delhi, India _bManohar Publisher and Distributor _c2017 |
||
| 300 | _a363p. | ||
| 365 |
_b1295.00 _cINR |
||
| 650 | _aENVIRONMENTAL SCIENCE | ||
| 650 | _aBiology | ||
| 700 |
_aNag, Sajal _bEditor _9817468 |
||
| 942 |
_2CC _cTB _hG:55.29W _n0 |
||
| 999 |
_c1434613 _d1434613 |
||